Chicken Malarkey and the blowhard machine / by Dan ... Read More
Available copies
- 0 of 1 copy available at LARL/NWRL Consortium.
Current holds
0 current holds with 1 total copy.
Show Only Available Copies
| Location | Call Number / Copy Notes | Barcode | Shelving Location | Status | Due Date |
|---|---|---|---|---|---|
| Roseau Public Library | e DUN (Text) | 35500006752958 | Main | Checked out | 07/23/2026 |
Record details
- ISBN: 9798886274936
- ISBN: 9798886274943
- Physical Description: 1 volume (unpaged) : col. ill. ; 22 cm.
- Publisher: [Place of publication not identified : Publisher not identified, c2023.
Search for related items by subject
| Subject: | Climatic changes > Fiction. |
| LDR | 00217nam a22001093a 4500 | ||
|---|---|---|---|
| 001 | 428915 | ||
| 003 | LARL_NWRL_CONSORTIUM | ||
| 005 | 20240104195655.0 | ||
| 020 | . | ‡a9798886274936 | |
| 020 | . | ‡a9798886274943 | |
| 100 | 1 | . | ‡aDundee, Dan. |
| 245 | 1 | 0. | ‡aChicken Malarkey and the blowhard machine / ‡cby Dan Dundee ; illustrations by Sir Van Impe. |
| 260 | . | ‡a[Place of publication not identified : ‡bPublisher not identified, ‡cc2023. | |
| 300 | . | ‡a1 volume (unpaged) : ‡bcol. ill. ; ‡c22 cm. | |
| 650 | 1. | ‡aClimatic changes ‡vFiction. ‡0(LARL_NWRL_CONSORTIUM)171496 | |
| 901 | . | ‡a428915 ‡bAUTOGEN ‡c428915 ‡tbiblio ‡sSystem Local | |

Add to basket
Permalink
Disable Highlighting